000 00487nam a2200133 a 4500
001 000031644
005 20200930063055.0
008 110629s1977 dr 000 0 spa d
040 _aDO-SdBNP
_bspa
_cBNPHU
100 1 _aAgrón Samuel Concepción
_957946
245 1 0 _aÍndice de enfermedades de los principales cultivos en la República Dominicana /
_cConcepción, Agrón Samuel.
260 _aSanto Domingo :
_bCentro de Desarrollo Agropecuario (CENDA),
_c1977.
300 _a12 p. ;
_c21 cm.
999 _c31136
_d31136